000 00812cam a22002413a 4500
001 11035
003 PGUSA
005 20140828083232.0
008 040201s2004||||xxu|||||s|||||000 1 eng d
040 _aPGUSA
_beng
042 _adc
050 4 _aPQ
100 1 _aLoti, Pierre,
_d1850-1923
245 1 0 _aAziyadé :
_bExtrait des notes et lettres d'un lieutenant de la marine anglaise entré au service de la Turquie le 10 mai 1876 tué dans les murs de Kars, le 27 octobre 1877.
_h[electronic resource] /
_cPierre Loti
260 _bProject Gutenberg,
_c2004
506 _aPublic domain in the USA.
516 _aElectronic text
653 _aLove stories
653 _aIstanbul (Turkey) -- Fiction
830 0 _aProject Gutenberg
_v11035
856 4 0 _uhttp://www.gutenberg.org/ebooks/11035
942 _cEB
999 _c240290
_d240290